| 000 | 00647cam a22001577a 4500 | ||
|---|---|---|---|
| 008 | 180718b2006 xxu||||| |||| 00| 0 eng d | ||
| 020 | _a389204905X | ||
| 082 | _aD4054 B633 | ||
| 245 |
_aCultures in globalization: a Europe- India dialogue on global challenges and cultural visions: proceedings of the International Cultural Forum New Delhi, Nov. 2005 _cedited by Malte C. Boecker, Bibek Debroy and Hans-Georg Wieck |
||
| 260 |
_aGutersloh _bVerlag Bertelsmann Stiftung _c2006 |
||
| 300 | _a137p. | ||
| 650 | _aCulture and globalization --Europe --India | ||
| 700 | _aWieck, Hans-George | ||
| 700 | _aDebroy, Bibek | ||
| 700 | _aBoecker, Malte C. | ||
| 999 |
_c493540 _d493540 |
||